| 000 | 00848nas a2200241 i 4500 | ||
|---|---|---|---|
| 001 | 187665 | ||
| 003 | ES-MaACL | ||
| 005 | 20250217134926.0 | ||
| 008 | 180110d1863 sp a| | ||pa d | ||
| 110 | 2 |
_aReal Academia Española _96336 |
|
| 245 | 1 | 0 | _aResumen de las tareas y actos de la Academia Española en el año académico de... |
| 260 |
_aMadrid : _bImprenta Nacional, _c1863- |
||
| 300 |
_a2 v. ; _c25 cm. |
||
| 310 | _aAnual | ||
| 362 | 0 | _a1862/1863- | |
| 530 | _aDisponible en formato digital. | ||
| 610 | 2 | 4 |
_aReal Academia Española _96336 |
| 852 |
_aES-MaACL _jK-142(4).- Año 1869/1870 |
||
| 852 |
_aES-MaACL _jK-142(6).- Año 1870/1871 |
||
| 856 |
_uhttp://hemerotecadigital.bne.es/details.vm?o=&w=1578-1925&f=issn&l=500 _zHemeroteca Digital _z(De 1862 a 1875) |
||
| 866 | 0 | _o1869/1870, 1870/1871. | |
| 999 |
_c187665 _d187665 |
||